000 00579nam a2200193Ia 4500
005 20260120132201.0
008 008 260114s9999 xx 000 0 eng d
020 _a9781383029192
037 _aEBOOK
040 _aCRL
_beng
_cCRL
041 _aeng
_2eng
084 _qCRL
100 _aRavindranath
_9935954
245 0 _aBiomass, Energy, and Environment A Developing Country Perspective from India
260 _bOxford University PressOxford University Press
_c2023
856 _uhttps://academic.oup.com/book/53268
942 _cEBOOK
999 _c1527877
_d1527877